000 00434nam a2200157Ia 4500
008 210210b2001 xxu||||| |||| 00| 0 eng d
020 _a81 7629 259 1
082 _a338.9 SINE
100 _aSINHA (Ajit Kumar) and SEN (Raj kumar).
245 _aEconomics of Amartya Sen.
260 _aND
_bDeep & Deep Publications Pvt Ltd
_c2001
300 _axx,268
650 _aAmartya Sen
690 _aEconomic Development
906 _a059429
999 _c106751
_d106751